La fiesta del rey Acab
Saved in:
| Hovedforfatter: | |
|---|---|
| Format: | Bog |
| Sprog: | spansk |
| Udgivet: |
Santiago
Del Pacífico
1959
|
| Udgivelse: | 2a. ed |
| Serier: | Biblioteca de Novelistas
|
| Fag: | |
| Tags: |
Tilføj Tag
Ingen Tags, Vær først til at tagge denne postø!
|
MARC
| LEADER | 00000nam a2200000 a 4500 | ||
|---|---|---|---|
| 001 | UCQ2331 | ||
| 003 | CL-VaPUC | ||
| 008 | 980724e19590000CL |||||||||||||||||spa|d | ||
| 082 | 0 | 4 | |a Ch863 |b LAF |2 21 |
| 100 | |a Lafourcade Valdenegro, Enrique |e autor |9 543407 | ||
| 245 | 1 | 3 | |a La fiesta del rey Acab |
| 250 | |a 2a. ed | ||
| 300 | |a 244 p | ||
| 942 | |c BK | ||
| 945 | |d 19980724 00:00:00 |a lriquelm | ||
| 260 | |a Santiago |b Del Pacífico |c 1959 | ||
| 650 | 0 | |a Novelas chilenas |9 265425 | |
| 650 | 0 | |a Literatura chilena |9 308278 | |
| 583 | |a last modification |c 19980724 00:00:00 |k Rodrigo Vera | ||
| 490 | 0 | |a Biblioteca de Novelistas | |
| 999 | |c 273162 |d 273160 | ||
| 952 | |0 0 |1 0 |4 0 |6 CH_863_000000000000000_LAF_1959 |7 0 |8 A |9 308520 |a BIBEDU |b BIBEDU |d 2019-11-20 |i 1446541 |o Ch863 LAF 1959 |p 1446541 |r 2019-11-20 |w 2019-11-20 |y BK |k LIT | ||
| 952 | |0 0 |1 0 |4 0 |6 CH_863_000000000000000_LAF_1959 |7 0 |8 A |9 308521 |a BIBEDU |b BIBEDU |d 2019-11-20 |i 1446592 |o Ch863 LAF 1959 |p 1446592 |r 2019-11-20 |w 2019-11-20 |y BK |k LIT | ||